000 00656cab a22002295a 4500
001 L157450
008 121206e20121201xxk 000 0 eng d
035 _a(Sirsi) u157450
041 0 _aeng
100 1 _aDowding, Nicholas
245 0 0 _aTooling up to face the Act
260 _c2012
490 _aEstates Gazette
_v(1248) 1 December 2012, 54-56(3)
520 _aLooks at the possible impact of the Energy Act 2011 on alterations, repairs and rent reviews.
590 _aKA
650 2 4 _aENERGY ACT 2011
651 4 _aUnited Kingdom
690 _aEnergy
_96237
690 _aCommercial property
_96227
700 1 _aGilbert, David
942 _n0
999 _c84389
_d84389